000 01207nam a2200325 a 4500
001 vtls000183900
003 NLI
005 20210602111215.0
008 101125s2005 enka 001 0 eng
020 _a1403945071 :
_cPND 50.00
039 9 _y201011252215
_zVLOAD
040 _aNLI
_beng
_cDatasoft 1
_eAACR2
041 0 _aeng
044 _aenk
082 0 4 _a338.064095
245 0 0 _aMad technology :
_bhow East Asian companies are defending their technological advantages /
_cIngyu Oh ... [et al.]
260 _aHoundmills :
_bPalgrave Macmillan,
_cc2005
300 _axii, 209 p. :
_bill. ;
_c23 cm.
504 _aIncludes bibliographical references and index
650 0 _aTechnological innovations
_xEconomic aspects
_zEast Asia
_9358833
650 0 _aTechnological innovations
_zEast Asia
_xManagement
_9358834
650 0 _aInformation technology
_xMoral and ethical aspects
_zEast Asia
_9358835
650 0 _aBusiness intelligence
_xMoral and ethical aspects
_zEast Asia
_9358836
700 1 _aOh, Ingyu,
_4jt. aut
_9358837
887 _a
901 _a555192
_b25.01.2007
902 _aE 338.064095 M 267
942 _2ddc
_cBKS
949 _AVIRTUAITEM
_D10000
_X100
_6PUR000555192ENG
999 _aVIRTUA40
_c190488
_d190488